书目信息 |
| 题名: |
魍魉世界
|
|
| 作者: | 张恨水 著 | |
| 分册: | 上册 | |
| 出版信息: | 上海 上海文化出版社 1982 |
|
| 页数: | 357页 | |
| 开本: | 19cm | |
| 丛书名: | ||
| 单 册: | ||
| 中图分类: | I246.57 , I246.5 | |
| 科图分类: | ||
| 主题词: | 长篇小说--中国--现代 | |
| 电子资源: | ||
| ISBN: | ||
| 000 | 00627nam0 2200241 45 | |
| 001 | 0182009348 | |
| 005 | 20040420165126.1 | |
| 010 | @dCNY1.70 | |
| 100 | @a19950509d1982 em y0chiy0121 ea | |
| 101 | 0 | @achi |
| 102 | @aCN@b310000 | |
| 105 | @ay z 000ay | |
| 106 | @ar | |
| 200 | 10 | @a魍魉世界@h上册@Awang liang shi jie@f张恨水著 |
| 210 | @a上海@c上海文化出版社@d1982 | |
| 215 | @a357页@d19cm | |
| 606 | @a长篇小说@y中国@z现代 | |
| 690 | @aI246.57@v3 | |
| 690 | @aI246.5 | |
| 701 | 0 | @a张恨水@Azhang hen shui@4著 |
| 801 | 0 | @aCN@b上海图书馆@c20040420 |
| 801 | 2 | @aCN@bNLC@c20040420 |
| 905 | @f1@b133061@dI246.5@e52:1 | |
| 魍魉世界.上册/张恨水著.-上海:上海文化出版社,1982 |
| 357页;19cm |
| ISBN :CNY1.70 |
| ● |
| 相关链接 |
|
|
|
|
正题名:魍魉世界
索取号:I246.5/52:1
 
预约/预借
| 序号 | 登录号 | 条形码 | 馆藏地/架位号 | 状态 | 备注 |
| 1 | 0133059 | 000179390 | 第二借阅区/ [索取号:I246.5/52:1] | 在馆 | |
| 2 | 0133060 | 000179470 | 第二借阅区/ [索取号:I246.5/52:1] | 在馆 | |
| 3 | 0133061 | 000179381 | 第二借阅区/ [索取号:I246.5/52:1] | 在馆 | |
| 4 | 0133062 | 001620428 | 密集书库/ [索取号:I246.5/52:1] | 在馆 | |
| 5 | 0133063 | 000179522 | 第一样本阅览室/ [索取号:I246.5/52:1] | 在馆 |